| 000 | 00564nam a2200229Ia 4500 | ||
|---|---|---|---|
| 008 | 141004s9999 xx 000 0 und d | ||
| 040 | _ca | ||
| 041 | _aEnglish | ||
| 082 | _a634.9 | ||
| 082 | _bHOU/EL | ||
| 100 | _aFranklin B Hough | ||
| 245 | _aElements of forestry | ||
| 245 | _cFranklin B Hough | ||
| 260 | _aNew Delhi | ||
| 260 | _bDiscovery publishing house | ||
| 260 | _c1999 | ||
| 300 | _a381 p. | ||
| 300 | _b21.5 cm | ||
| 501 | _a8B1,2&3 | ||
| 650 | _aForestry | ||
| 942 | _cBK | ||
| 999 |
_c303549 _d303549 |
||